India encircled / (Record no. 56206)

MARC details
000 -LEADER
fixed length control field 00686nam a22002057a 4500
005 - DATE AND TIME OF LATEST TRANSACTION
control field 20110902112840.0
010 ## - LCCN (DPL NO)
LC control number G-001271
020 ## - INTERNATIONAL STANDARD BOOK NUMBER
International Standard Book Number 8190461627
Terms of availability 195.00
035 ## - SYSTEM CONTROL NUMBER
System control number G-001271
037 ## - SOURCE OF ACQUISITION
Source of stock number/acquisition gift
082 ## - DEWEY DECIMAL CLASSIFICATION NUMBER
Classification number 954
100 ## - MAIN ENTRY--PERSONAL NAME
Personal name Singh, Sangram.
245 ## - TITLE STATEMENT
Title India encircled /
Statement of responsibility, etc Sangram Singh.
260 ## - PUBLICATION, DISTRIBUTION, ETC. (IMPRINT)
Place of publication, distribution, etc Panchkula, HR.:
Name of publisher, distributor, etc Swastik Prakashan,
Date of publication, distribution, etc 2008
270 ## - ADDRESS
Address SCO 43, Ist Floor, Swastic Vihar, MDC
City Panchkula
Postal code 134113
Telephone number 9878893612
300 ## - PHYSICAL DESCRIPTION
Extent 84 p. ;
Dimensions 23 cm. (Hb)
942 ## - ADDED ENTRY ELEMENTS (KOHA)
Source of classification or shelving scheme Dewey Decimal Classification
Item type English Books
Classification part 954
Call number suffix SIN
Holdings
Withdrawn status Lost status Not for loan Collection code Home library Current library Date acquired Source of acquisition Cost, normal purchase price Full call number Barcode Copy number Cost, replacement price Koha item type
      Non-fiction Janak Puri Janak Puri 02/09/2011 bppd/gift 195.00 954 SIN G-001271 1 195.00 English Books

© Delhi Public Library
Hit Counter
free hit counter